Animal Nutrition and Welfare in Sustainable Production Systems (Record no. 9615)
[ view plain ]
| 000 -LEADER | |
|---|---|
| fixed length control field | 01097nam a2200133Ia 4500 |
| 008 - FIXED-LENGTH DATA ELEMENTS--GENERAL INFORMATION | |
| fixed length control field | 220615s9999||||xx |||||||||||||| ||und|| |
| 020 ## - INTERNATIONAL STANDARD BOOK NUMBER | |
| International Standard Book Number | 9783040000000 |
| 245 #0 - TITLE STATEMENT | |
| Title | Animal Nutrition and Welfare in Sustainable Production Systems |
| 546 ## - LANGUAGE NOTE | |
| Language note | English[eng] |
| 650 ## - SUBJECT ADDED ENTRY--TOPICAL TERM | |
| Topical term or geographic name entry element | selenium||cow||production||reproduction||nutrition||cattle||vegetable protein||urea||rumen fermentation||sustainability||sunflower meal||laying hens||performance||yolk cholesterol||yolk fatty acids||egg quality||Alternaria spp.||mycotoxins||fungi||poultry production||welfare||oxidative stress||ancient grains||organic farm||intestinal morphometry||enzymatic activity||animal performance||honeybee||medicinal plants||quality||antimicrobials||poultry||health||corn hybrid||egg yolk||lutein||zeaxanthin||β-cryptoxanthin||β-carotene||yolk color||carotenoid deposition efficiency||forage||liquid feeding||gestation||lactation||sow||ad libitum feeding||sorting gate||feed self-sufficiency |
| 700 ## - ADDED ENTRY--PERSONAL NAME | |
| Personal name | PuvaÄa, Nikola||Tufarelli, Vincenzo||Voslarova, Eva |
| 856 ## - ELECTRONIC LOCATION AND ACCESS | |
| Uniform Resource Identifier | <a href="https://mdpi.com/books/pdfview/book/4820">https://mdpi.com/books/pdfview/book/4820</a> |
| 942 ## - ADDED ENTRY ELEMENTS (KOHA) | |
| Koha item type | E-Books |
| Withdrawn status | Lost status | Damaged status | Not for loan | Home library | Current library | Date acquired | Total Checkouts | Date last seen | Price effective from | Koha item type |
|---|---|---|---|---|---|---|---|---|---|---|
| Kerala University of Digital Sciences, Innovation and Technology Knowledge Centre | Kerala University of Digital Sciences, Innovation and Technology Knowledge Centre | 15/06/2022 | 15/06/2022 | 15/06/2022 | E-Books |